A-Z Cities: United States of America - Statistics

General Stats
  • This quiz has been taken 55 times
    37 since last reset
  • The average score is 20 of 26
Answer Stats
Hint Answer % Correct
A Austin
100%
A Los Angeles
100%
L Los Angeles
100%
L Louisville
100%
D Dallas
94%
C Chicago
91%
N New York City
91%
B Boston
88%
H Houston
88%
O Oklahoma City
85%
P Phoenix
85%
J Jacksonville
82%
I Indianapolis
76%
R Raleigh
71%
S San Antonio
71%
T Tucson
71%
K Kansas City
68%
E Elk Grove
65%
E El Paso
65%
M Memphis
65%
W Washington
65%
F Fort Worth
62%
G Greensboro
56%
V Virginia Beach
56%
Y Yonkers
53%
Q Quincy
50%
No matching quizzes found
Score Distribution
Percent of People with Each Score
Percentile by Number Answered
Your Score History
You have not taken this quiz since the last reset